000
00358nam a22001337a 4500
003
SGT
020
_a
9789381234402
082
_a
080
_b
Y16S
100
_a
शर्मा, यति
245
_a
यतिपंख : काव्य संग्रह
260
_b
अंकित पब्लिकेशंस
_c
2016
300
_a
104
942
_2
ddc
_c
BK
999
_c
31618
_d
31618